000 00450nam a2200169Ia 4500
008 230524s9999 xx 000 0 und d
082 _a660.602
_bARA
100 _aM.Aravindan
_923642
245 0 _aBiomedical Instrumentation
250 _a1ST
260 _aNEW DELHI
_bUmesh
_c2001
300 _aIX;128
500 _aQuantity Number: 1
650 _aBiomedical
700 _a" Adhavan Prakash,K.Uma Maheswaran,A.S.Kumar,,"
_923643
942 _cBK
999 _c35191
_d35191